Nación prozac

Uloženo v:
Podrobná bibliografie
Hlavní autor: Wurtzel, Elizabeth (Autor)
Médium: Kniha
Jazyk:španělština
Vydáno: Madrid Suma de Letras 2001
Edice:Punto de Lectura, 146
Témata:
Tagy: Přidat tag
Žádné tagy, Buďte první, kdo vytvoří štítek k tomuto záznamu!

MARC

LEADER 00000nam a2200000 a 4500
001 UCN8825
003 CL-VaPUC
008 011123e20010300SP |||||||||||||||||spa|d
082 0 4 |a 813  |b WUR  |2 21 
100 0 |a Wurtzel, Elizabeth  |e author  |9 465365 
245 1 0 |a Nación prozac 
300 |a 524 p 
942 |c BK 
945 |d 20011123 00:00:00  |a vberengu 
260 |a Madrid  |b Suma de Letras  |c 2001 
650 0 |a Literatura estadounidense  |9 317168 
650 7 |a RELATOS AUTOBIOGRAFICOS  |2 CL-VaPUC  |9 465366 
650 0 |a Depresión   |9 334267 
583 |a last modification  |c 20011123 00:00:00  |k Rodrigo Vera 
490 0 |a Punto de Lectura, 146 
999 |c 298569  |d 298567 
952 |0 0  |1 0  |4 0  |6 813_000000000000000_WUR_2001  |7 0  |8 A  |9 354247  |a BIBING  |b BIBING  |d 2019-11-21  |i 375636K  |l 1  |o 813 WUR 2001  |p 375636K  |r 2025-01-20  |s 2023-11-20  |w 2019-11-21  |y BK  |k CUI